Einige Wiener Papyri : (P. Vindob. Boswinkel) /

محفوظ في:

مؤلف مشترك: Österreichische Nationalbibliothek. Papyrussammlung.

مؤلفون آخرون: Boswinkel, E.‪

التنسيق: كتاب

اللغة: German

منشور في: Lugduni Batavorum : [E. J. Brill], 1942.

سلاسل: Papyrologica Lugduno-Batava ( Leyde ) ; 2.
P.L.Bat ; 2.

الموضوعات:

الوسوم: إضافة وسم

لا توجد وسوم, كن أول من يضع وسما على هذه التسجيلة!

رقم الطلب: PA3301 .P2 v.2

LEADER 01285nam a22003017a 4500
003 OSt
005 20250922061827.0
008 250922s1942 ne fh b 001 0 ger d
040 |c ARCE Library 
043 |a e-au--- 
050 1 4 |a PA3301  |b .P2 v.2 
245 1 0 |a Einige Wiener Papyri :   |b (P. Vindob. Boswinkel) /   |c Bearbeitet von E. Boswinkel. 
264 1 |a Lugduni Batavorum :  |b [E. J. Brill],  |c 1942. 
300 |a 76 p., 6 leaves of plates (some folded) :   |b facsims. ;   |c 28 cm. 
490 1 |a Papyrologica Lugduno-Batava ( Leyde ) ;   |v 2. 
490 1 |a P.L.Bat ;   |v 2. 
500 |a The first ten texts were originally submitted as Ernst Boswinkel's thesis (doctoral)--Rijksuniversiteit te Leiden, 1941. 
504 |a Includes bibliographical references and indexes. 
546 |a Includes Greek transcriptions of 17 papyri manuscripts held in the Papyrussammlung der Nationalbibliothek zu Wien, accompanied by German translations and notes. 
650 0 |a Manuscripts, Greek (Papyri) 
651 0 |a Austria  |z Vienna. 
700 1 |a Boswinkel, E.‪  |q (Ernst),  |9 27079 
710 2 |a Österreichische Nationalbibliothek.   |b Papyrussammlung. 
830 0 |a Papyrologica Lugduno-Batava ( Leyde ) ;   |v 2. 
830 0 |a P.L.Bat ;   |v 2. 
901 |a reviewed 
942 |c BK  |2 lcc 
999 |c 22241  |d 22241